Les Drapeaux de Pays avec de l'Orange 🟠 - Statistiques

Statistiques générales
  • Ce quiz a Ă©tĂ© pris 72 fois
  • Le rĂ©sultat moyen est 9 sur 10
Statistiques - réponses
Par images Réponse % Correct
Inde
100%
Chypre
98%
Irlande
98%
Armenie
92%
Sri Lanka
92%
Bhoutan
91%
CĂŽte d'Ivoire
89%
Niger
79%
Zambie
76%
Îles Marshall
64%
Aucun quiz correspondant
Distribution des résultats
% des personnes avec chaque résultat
Percentile par nombre de réponses
Votre historique - résultats
Vous n’avez pas pris ce quiz